Who in the world? (Record no. 5648)

MARC details
000 -LEADER
fixed length control field 00824cam a2200265 4500
001 - CONTROL NUMBER
control field 286868
003 - CONTROL NUMBER IDENTIFIER
control field OSt
005 - DATE AND TIME OF LATEST TRANSACTION
control field 20190108164248.0
008 - FIXED-LENGTH DATA ELEMENTS--GENERAL INFORMATION
fixed length control field 720327s1972 miu 000 0 eng
010 ## - LIBRARY OF CONGRESS CONTROL NUMBER
LC control number 75-184698
020 ## - INTERNATIONAL STANDARD BOOK NUMBER
International Standard Book Number 0802814352
040 ## - CATALOGING SOURCE
Original cataloging agency DLC
Transcribing agency DLC
Modifying agency m/c
082 ## - DEWEY DECIMAL CLASSIFICATION NUMBER
Classification number 262
Item number E26W
245 00 - TITLE STATEMENT
Title Who in the world?
Statement of responsibility, etc. Edited by Clifford Christians, Earl J. Schipper [and] Wesley Smedes
260 ## - PUBLICATION, DISTRIBUTION, ETC.
Place of publication, distribution, etc. Grand Rapids, Mich.,
Name of publisher, distributor, etc. W. B. Eerdmans Pub. Co.
Date of publication, distribution, etc. c1972
300 ## - PHYSICAL DESCRIPTION
Extent 163 p.
Dimensions 21 cm
350 ## - PRICE (NR) (BK AM CF MU VM SE) [OBSOLETE]
Price $1.95
500 ## - GENERAL NOTE
General note Based on papers presented at a conference called by the Home Missions Board of the Christian Reformed Church in 1970
650 #0 - SUBJECT ADDED ENTRY--TOPICAL TERM
Topical term or geographic name entry element Mission of the church
650 #0 - SUBJECT ADDED ENTRY--TOPICAL TERM
Topical term or geographic name entry element Church
700 10 - ADDED ENTRY--PERSONAL NAME
Personal name Christians, Clifford
700 10 - ADDED ENTRY--PERSONAL NAME
Personal name Schipper, Earl J
700 10 - ADDED ENTRY--PERSONAL NAME
Personal name Smedes, Wesley
942 ## - ADDED ENTRY ELEMENTS (KOHA)
Source of classification or shelving scheme Dewey Decimal Classification
Koha item type Books
Holdings
Withdrawn status Lost status Source of classification or shelving scheme Damaged status Not for loan Collection code Home library Current library Shelving location Date acquired Cost, normal purchase price Total Checkouts Full call number Barcode Date last seen Price effective from Koha item type
    Dewey Decimal Classification     Non-fiction Harvest Mission College Harvest Mission College General Stacks 08.01.2019 120.00   262 E26W 006475 08.01.2019 08.01.2019 Books

OPAC Designed and Maintained by HMC Library Team.
Copyright © HMC Library,Greater Noida, UP.
For any Suggestions/Query Contact library via Email:libhmc@gmail.com